000 01100nam a2200217Ia 4500
003 Ost
005 20260416102358.0
008 260416s9999||||xx |||||||||||||| ||und||
040 _cfsecg
041 _aara
082 _a301
100 _aبكيس ، نورالدين
_eمؤلف
245 0 _aمحاضرات مدخل إلى علم الاجتماع :
_bموجهة لطلبة السنة الاولى جذع مشترك حسب المقرر الوزاري /
_c نورالدين بكيس
260 _aالجزائر
_bجامعة الجزائر3: كلية العلوم الإقتصادية، العلوم التجارية وعلوم التسيير
_c2022
300 _a122 ورقة
_bايضاحات
_c30 سم
504 _aمراجع ص.108
520 _aماهية علم الاجتماع ، مقاربات في علم الاجتماع ، رواد علم الاجتماع .
653 _aعلم الاجتماع
710 _aجامعة الجزائر3: كلية العلوم الإقتصادية، العلوم التجارية وعلوم التسيير
_eناشر علمي
942 _cHANDOUT
999 _c41308
_d41308